[Event "CCT Airthings Masters Play-In 2023"]
[Site "Online"]
[Date "2023.02.03"]
[Round "7"]
[White "promen"]
[Black "igorkovalenko"]
[Result "1-0"]
[WhiteElo "2529"]
[BlackElo "2593"]
[Annotator "TA"]
[PlyCount "125"]
[EventDate "2023.02.03"]
[EventType "swiss"]
[EventCountry "NET"]
[SourceTitle "playchess.com"]
[Source "ChessBase"]
[SourceQuality "1"]

1. d4 Nf6 2. c4 e6 3. Nc3 Bb4 4. e3 b6 5. Nge2 Ba6 6. Ng3 c5 7. d5 exd5 8. cxd5 Bxf1 9. Kxf1 O-O 10. e4 d6 11. h4 Re8 12. Bg5 Bxc3 13. bxc3 Nbd7 14. f3 b5 15. Nf5 Qb6 16. Qd2 a5 17. Bxf6 Nxf6 18. Qg5 Nh5 19. Qxh5 g6 20. Qg5 f6 21. Qxf6 gxf5 22. Rh3 f4 23. Qxf4 Rf8 24. Rg3+ Kh8 25. Qd2 Rf6 26. Re1 Re8 27. Qg5 Rg6 28. Qh5 Re5 29. Rg5 Rexg5 30. hxg5 b4 31. e5 dxe5 32. Rxe5 Qb5+ 33. Kg1 Qd7 34. cxb4 axb4 35. Qh4 h6 36. gxh6 Qf7 37. Qe4 Qf6 38. Kf2 Kh7 39. Re7+ Kxh6 40. Qe3+ Qg5 41. Qxg5+ Rxg5 42. d6 Rd5 43. d7 c4 44. Re4 c3 45. Rxb4 Rxd7 46. Rc4 Rd2+ 47. Kg3 Rxa2 48. Rxc3 Kg5 49. Rc5+ Kf6 50. f4 Kg6 51. Kf3 Kh6 52. g3 Ra6 53. Kg4 Rg6+ 54. Kh4 Ra6 55. g4 Kg6 56. f5+ Kf7 57. g5 Ra1 58. Rc7+ Kf8 59. Kh5 Kg8 60. Kg6 Ra8 61. f6 Kh8 62. Rh7+ Kg8 63. f7+ 1-0

[Event "CCT Airthings Masters Play-In 2023"]
[Site "Online"]
[Date "2023.02.03"]
[Round "8"]
[White "Indianlad"]
[Black "Oleksandr_Bortnyk"]
[Result "1/2-1/2"]
[WhiteElo "2592"]
[BlackElo "2630"]
[Annotator "TA"]
[PlyCount "36"]
[EventDate "2023.02.03"]
[EventType "swiss"]
[EventCountry "NET"]
[SourceTitle "playchess.com"]
[Source "ChessBase"]
[SourceQuality "1"]

1. d4 d6 2. e4 Nf6 3. Nc3 e5 4. Nf3 Nbd7 5. Bc4 Be7 6. O-O c6 7. a4 Qc7 8. Re1 h6 9. b3 O-O 10. Bb2 Re8 11. Bf1 a5 12. h3 Nf8 13. Qd2 N6h7 14. d5 Ng5 15. Nxg5 Bxg5 16. Qd3 Nd7 17. Ba3 Nc5 18. Bxc5 dxc5 1/2-1/2

[Event "CCT Airthings Masters Play-In 2023"]
[Site "Online"]
[Date "2023.02.03"]
[Round "9"]
[White "Firouzja, Alireza"]
[Black "GHANDEEVAM"]
[Result "1/2-1/2"]
[WhiteElo "2785"]
[BlackElo "2741"]
[Annotator "TA"]
[PlyCount "40"]
[EventDate "2023.02.03"]
[EventType "swiss"]
[EventCountry "NET"]
[SourceTitle "playchess.com"]
[Source "ChessBase"]
[SourceQuality "1"]

1. e4 c5 2. Nf3 e6 3. d4 cxd4 4. Nxd4 Nf6 5. Nc3 Nc6 6. Ndb5 Bb4 7. a3 Bxc3+ 8. Nxc3 d5 9. Bd3 dxe4 10. Nxe4 Nxe4 11. Bxe4 Qxd1+ 12. Kxd1 Bd7 13. Kd2 e5 14. Re1 f6 15. b3 O-O-O 16. Kc3 Ne7 17. Kb2 Bc6 18. Bd3 h5 19. h4 Kc7 20. a4 a5 1/2-1/2

[Event "CCT Airthings Masters Play-In 2023"]
[Site "Online"]
[Date "2023.02.03"]
[Round "9"]
[White "spicycaterpillar"]
[Black "Dominguez Perez, Leinier"]
[Result "1/2-1/2"]
[WhiteElo "2593"]
[BlackElo "2743"]
[Annotator "TA"]
[PlyCount "66"]
[EventDate "2023.02.03"]
[EventType "swiss"]
[EventCountry "NET"]
[SourceTitle "playchess.com"]
[Source "ChessBase"]
[SourceQuality "1"]

1. e4 c5 2. Nf3 d6 3. Bb5+ Nd7 4. a4 Ngf6 5. Nc3 a6 6. Be2 g6 7. a5 Bg7 8. O-O O-O 9. d3 b5 10. axb6 a5 11. Bf4 Qxb6 12. Ra3 Bb7 13. Qd2 Bc6 14. Rb1 a4 15. Bh6 Rfb8 16. h3 Qc7 17. Qc1 Rb4 18. Bd2 Rbb8 19. Rba1 Nb6 20. Bf4 Nfd7 21. R1a2 Rb7 22. h4 h5 23. Bh6 Rab8 24. Bxg7 Kxg7 25. b3 axb3 26. Rxb3 Nf6 27. Rab2 Nbd7 28. Rxb7 Rxb7 29. Ng5 Rxb2 30. Qxb2 Qb7 31. Qxb7 Bxb7 32. f4 Bc6 33. Kf2 e6 1/2-1/2